000 00350nam a2200133 i 4500
001 bg
245 0 _aKodeks pracy oraz przepisy wykonawcze i związkowe :
_bstan prawny na dzień 10 kwietnia 1990 r.
250 _aWyd.5.
260 _aWarszawa,
_c1990.
040 _cBPK
041 _apol
942 _cKS
008 s pl f |000 0 pol
999 _c29706
_d29706
856 _uhttp://koha.tu.koszalin.pl/cgi-bin/koha/opac-detail.pl?biblionumber=29706
_yKatalog online BPK